000 01398cas a22003017a 4500
999 _c372859
_d372859
001 86682
003 UA-OsUOA
005 20260114143502.0
007 ta
008 201209c20112016un mr|p||00| 0 cdrus d
040 _aUA-OsUOA
_bukr
_cUA-OsUOA
_dUA-OsUOA
041 _arus
044 _aUA
080 _a32
090 _a32
_bF79
110 _aВидавець журналу - UMH group
_923034
245 _aForbes
_cгол. ред. Федорин В.
260 _aК.
306 _aщомісяця
520 _aУкраїнська версія журналу «Forbes Україна» видається російською мовою з березня 2011 року. Видавцем журналу виступила UMH group. Про отримання ліцензії на видання заявив засновник UMH group Борис Ложкін 13 серпня 2010 року. Першим головним редактором став Володимир Федорін, до цього обіймав посаду заступника головного редактора російської версії Forbes.
650 7 _a32 Політика
_2UDC
_91654
856 4 0 _uhttps://www.forbes.com/#1e11d1ca2254
942 _cMG
_2udc
_s1
955 _a0
962 _d2011